书目信息 |
| 书名: | The ABC of chess | |
| 作者: | Translated from the Russian by VIVIENNE BURDON. | |
| 分册号: | ||
| 分册名: | 出版地: | Moscow : |
|
| 出版社: | Raduga Publishers | |
| 出版时间: | 1986. | |
| 页数: | 87 p. ; | |
| 开本: | 20cm. | |
| 丛书名: | ||
| 中图分类号: | ||
| 科图分类号: | ||
| 其他分类号: | G891.1 | |
| 主题词: | ||
| 电子资源: | ||
| 000 | 00418nam 2200145 a 4500 | |
| 001 | E0758165142 | |
| 005 | 20070428082502.20 | |
| 008 | 070225s1986 00010 eng | |
| 020 | @a5-05-006687-2 :@cCNY3.78. | |
| 040 | @aPFT@beng | |
| 090 | @aG891.1 | |
| 099 | @dG891.1@ex1 | |
| 245 | @aThe ABC of chess / @cTranslated from the Russian by VIVIENNE BURDON. | |
| 260 | @aMoscow :@bRaduga Publishers,@c1986. | |
| 300 | @a87 p. ;@c20cm. | |
| The ABC of chess / / Translated from the Russian by VIVIENNE BURDON.-Moscow : : Raduga Publishers, , 1986. |
| 87 p. ; ; 20cm. |
| ISBN 5-05-006687-2 :CNY3.78. |
| ● |
| 相关链接 |
|
|
|
|
正题名:The ABC of chess
索取号:G891.1/x1
 
预约/预借
| 序号 | 登录号 | 条形码 | 馆藏地/架位号 | 状态 | 备注 |
| 1 | 183119 | 001075552 | 第二样本阅览室/ [索取号:G891.1/x1] | 在馆 | |
| 2 | 183121 | 001075605 | 第四借阅区/ [索取号:G891.1/x1] | 在馆 |